| 000 | 00593cam a22001814a 4500 | ||
|---|---|---|---|
| 005 | 20250605164402.0 | ||
| 008 | 250528s ||||||||||||||||||||||||d | ||
| 035 | _a24612 | ||
| 040 |
_aGR-AtMCL _bgre _dGR-AtMCL _eAACR2 |
||
| 245 | 1 | _aAramco World | |
| 260 |
_bAramco Americas, _c2021 |
||
| 300 | _a40 | ||
| 520 | _aWoman on the Steppe and Pride of the Nation, Rust and Dreams on the Beirut - Damascus Railroad, The Sweetness of My Middle Eastern Vegan Kitchen, Egyptology's Eloquent Eye, Cumin. | ||
| 700 | 1 |
_aDoughty Richard _99493 |
|
| 942 | _cCR | ||
| 999 |
_c9481 _d9481 |
||